000 00758nam a22002417a 4500
005 20260407094129.0
008 260407b |||||||| |||| 00| 0 eng d
020 _q9789386827593
040 _cAL
041 _aEnglish
082 _a511.5
_bPUNA
100 _aSudhir Kumar Pundir
_9260412
245 _aApplied Discrete structures
260 _aNew Delhi
_bCBS Publishers and Distributors Pvt Ltd
_c2019
300 _axii,530p.
_bPB
_c24x17cm.
365 _aVBI-2645
_b₹412.50
_c
_d₹550.00
_e25%
_f20-02-2026
650 _aMathematical Foundations
_9260385
650 _aAlgebraic Structures
_9260386
650 _aCombinatorics
_9260387
650 _aGraph Theory
_9260388
650 _aRecurrence and Discrete Models
_9260389
942 _2ddc
_cBK
999 _c241146
_d241146